Educar la voz y el oído
Uloženo v:
| Hlavní autor: | |
|---|---|
| Médium: | Kniha |
| Jazyk: | španělština |
| Vydáno: |
Badalona
Paidotribo
2016
|
| Vydání: | 1a. ed |
| Témata: | |
| Tagy: |
Přidat tag
Žádné tagy, Buďte první, kdo vytvoří štítek k tomuto záznamu!
|
MARC
| LEADER | 00000cam a2200000 a 4500 | ||
|---|---|---|---|
| 001 | UCC2213 | ||
| 003 | CL-VaPUC | ||
| 008 | 180114e20160000sp |||||||||||||||||spa|d | ||
| 020 | |a 9788499105796 | ||
| 082 | 0 | 4 | |a 612.78 |b ALV |2 21 |
| 100 | 0 | |a Alvarez Calero, Alberto |e author |9 596327 | |
| 245 | 1 | 0 | |a Educar la voz y el oído |
| 250 | |a 1a. ed | ||
| 300 | |a 264 p | ||
| 942 | |c BK | ||
| 945 | |d 20180114 20:51:00 |a dcastane | ||
| 260 | |a Badalona |b Paidotribo |c 2016 | ||
| 650 | 0 | |a Voz |9 318102 | |
| 650 | 0 | |a Voz |x Cuidado e higiene |9 596328 | |
| 650 | 7 | |a HABLAR |2 CL-VaPUC |9 369173 | |
| 583 | |a last modification |c 20180114 20:51:00 |k Rodrigo Vera | ||
| 999 | |c 370450 |d 370448 | ||
| 952 | |0 0 |1 0 |3 erb |4 0 |6 612_780000000000000_ALV_2016 |7 0 |8 A |9 486942 |a BIBEDU |b BIBEDU |i 5447933 |o 612.78 ALV 2016 |p 5447933 |r 2019-11-24 |w 2019-11-24 |y BK |z Catalogado en:20180114 |k EFI | ||